South Carolina Geography Quiz - Sudden Death - Statistics

General Stats
  • This quiz has been taken 261 times
  • The average score is 13 of 20
Answers on the Grid
Answers color-coded by a green-red scale on the quiz's grid according to % correct below.
Albemarle Sound
Appalachian Mountains
Atlantic Ocean
Biscayne National Park
Blue Ridge Mountains
Cape Canaveral
Charleston
Chesapeake Bay
Clemson
Columbia
Coastal Plains
Congaree National Park
Delmarva Peninsula
Edisto River
Florence
Fort Sumter National Monument
Georgetown
Great Bend National Park
Great Pee Dee River
Great Plains
Great Smoky Mountains National Park
Greenville
Gulf of Mexico
Hot Springs National Park
Knoxville
Long Island
Lyndon B. Johnson Birthplace
Murrells Inlet
Myrtle Beach
Ohio River
Outer Banks
Pawley's Island
Piedmont
Raleigh
Rock Hill
Santee River
Savannah
St. Lawrence River
Vicksburg
Wilmington
 
Answer Stats
Answer % Correct
Columbia
92%
Atlantic Ocean
87%
Clemson
87%
Charleston
85%
Fort Sumter National Monument
78%
Greenville
78%
Myrtle Beach
78%
Florence
71%
Rock Hill
63%
Great Pee Dee River
62%
Santee River
58%
Pawley's Island
57%
Coastal Plains
55%
Congaree National Park
55%
Edisto River
52%
Georgetown
52%
Murrells Inlet
52%
Piedmont
50%
Appalachian Mountains
49%
Blue Ridge Mountains
45%
No matching quizzes found
Score Distribution
Percent of People with Each Score
Percentile by Number Answered
Your Score History
You have not taken this quiz